Songs In "WHEN WE ALL FALL ASLEEP..." In Alphabetical Order - Statistics

General Stats
  • This quiz has been taken 19 times
  • The average score is 11 of 13
Answer Stats
Songs % Correct
all the good girls go to hell
100%
bad guy
100%
8
91%
bury a friend
91%
you should see me in a crown
91%
goodbye
82%
ilomilo
82%
i love you
82%
when the party's over
82%
xanny
82%
listen before i go
73%
wish you were gay
73%
my strange addiction
64%
No matching quizzes found
Score Distribution
Percent of People with Each Score
Percentile by Number Answered
Your Score History
You have not taken this quiz